[Event "Moscow op-A 14th"]
[Site "Moscow"]
[Date "2018.01.28"]
[Round "2"]
[White "Vinogradov, Vladimir"]
[Black "Murzin, Volodar"]
[Result "0-1"]
[WhiteElo "2120"]
[BlackElo "2268"]
[PlyCount "82"]
[EventDate "2018.01.27"]
[EventType "swiss"]
[EventRounds "9"]
[EventCountry "RUS"]
[SourceTitle "CBM 182 Extra"]
[Source "ChessBase"]
[SourceDate "2018.02.23"]
[SourceVersion "1"]
[SourceVersionDate "2018.02.23"]
[SourceQuality "1"]

1. e4 c5 2. Nf3 d6 3. d3 Nc6 4. g3 g6 5. Bg2 Bg7 6. 0-0 e6 7. Re1 Nge7 8. Nbd2 0-0 9. Nf1 e5 10. Ne3 h6 11. c3 Be6 12. a4 d5 13. exd5 Nxd5 14. Nc4 Qc7 15. Qe2 Rfe8 16. Nfxe5 Nxe5 17. Nxe5 Bxe5 18. Qxe5 Bd7 19. Qxe8+ Rxe8 20. Rxe8+ Bxe8 21. Bxd5 Kh7 22. Bf4 Qe7 23. Kf1 Bd7 24. Bg2 Bf5 25. Rd1 Qd7 26. b3 Bh3 27. Bxh3 Qxh3+ 28. Kg1 Qe6 29. d4 Qxb3 30. Rd2 cxd4 31. cxd4 Qd5 32. Be3 b6 33. Rc2 a6 34. Rc7 Kg7 35. Bd2 Kf6 36. Bc3 Ke6 37. h3 Kd6 38. Rc8 Kd7 39. Rb8 Qb3 40. Ba5 Qd1+ 41. Kg2 bxa5 0-1

[Event "Heinola 100 ottelu Vierumaki"]
[Site "Heinola"]
[Date "2017.11.18"]
[Round "3"]
[White "Vinogradov, Vladimir"]
[Black "Paronen, Petteri"]
[Result "1/2-1/2"]
[WhiteElo "2030"]
[BlackElo "2156"]
[PlyCount "111"]
[EventDate "2017.11.17"]
[EventType "swiss"]
[EventRounds "3"]
[EventCountry "FIN"]
[SourceTitle "EXT 2022"]
[Source "ChessBase"]
[SourceDate "2021.10.06"]
[SourceVersion "1"]
[SourceVersionDate "2021.10.06"]
[SourceQuality "1"]

1. e4 d6 2. d4 Nf6 3. Nc3 c6 4. Bg5 Nbd7 5. f4 e5 6. dxe5 dxe5 7. f5 Qb6 8. Qd2 Qxb2 9. Rb1 Qa3 10. Rb3 Qa5 11. Bxf6 Nxf6 12. Nf3 Bb4 13. Bd3 0-0 14. 0-0 Bxc3 15. Qxc3 Qxc3 16. Rxc3 Bxf5 17. exf5 e4 18. Be2 exf3 19. Bxf3 Rfc8 20. Rb3 Rc7 21. Rd1 Kf8 22. Rbd3 Re8 23. Kf1 Ree7 24. Rd8+ Re8 25. R8d3 Re5 26. g4 h6 27. h3 Ke7 28. Kf2 Nd7 29. Kg3 Ra5 30. a3 Ne5 31. Re3 f6 32. h4 Rd7 33. Rb1 Rc5 34. Rb2 Kf7 35. Be2 b6 36. c3 Ra5 37. Rb4 Rxa3 38. g5 hxg5 39. hxg5 Re7 40. Bh5+ Kf8 41. Rd4 Nf7 42. Rxe7 Kxe7 43. Bxf7 Kxf7 44. Rd7+ Ke8 45. Rxg7 fxg5 46. Kg4 Ra1 47. Kxg5 a5 48. Kf6 a4 49. Ra7 b5 50. Ke6 Re1+ 51. Kd6 Rf1 52. Kxc6 Rxf5 53. c4 bxc4 54. Rxa4 c3 55. Rc4 Rf3 56. Kc5 1/2-1/2

[Event "Moscow op-A 13th"]
[Site "Moscow"]
[Date "2017.02.04"]
[Round "8"]
[White "Vinogradov, Vladimir"]
[Black "Poliakov, Artem"]
[Result "0-1"]
[WhiteElo "2295"]
[BlackElo "2173"]
[PlyCount "86"]
[EventDate "2017.01.28"]
[EventType "swiss"]
[EventRounds "9"]
[EventCountry "RUS"]
[SourceTitle "EXT 2018"]
[Source "ChessBase"]
[SourceDate "2017.10.13"]
[SourceVersion "1"]
[SourceVersionDate "2017.10.13"]
[SourceQuality "1"]

1. d4 d6 2. c4 f5 3. g3 g6 4. Bg2 Nf6 5. Nc3 Bg7 6. Nf3 0-0 7. 0-0 c6 8. Qd3 Na6 9. a3 Qe8 10. b4 e5 11. dxe5 dxe5 12. e4 fxe4 13. Nxe4 Nxe4 14. Qxe4 Bf5 15. Qe3 Rd8 16. Bb2 Rd3 17. Qxa7 e4 18. Bxg7 exf3 19. Rfe1 Qa8 20. Qxa8 Rxa8 21. Bxf3 Kxg7 22. Bg2 Rad8 23. h3 Kf6 24. g4 Bc8 25. c5 Nc7 26. a4 Rb3 27. Re4 Be6 28. Rae1 Rbd3 29. g5+ Ke7 30. Kh2 R3d4 31. h4 Rxe4 32. Rxe4 Rd2 33. Kg3 Kd7 34. f3 Nd5 35. h5 Rb2 36. b5 cxb5 37. Rd4 bxa4 38. f4 Rb4 39. Rd2 Kc6 40. f5 gxf5 41. g6 Rg4+ 42. Kh3 hxg6 43. h6 g5 0-1

[Event "Moscow op-A 13th"]
[Site "Moscow"]
[Date "2017.02.01"]
[Round "5"]
[White "Gaifullin, Artur"]
[Black "Vinogradov, Vladimir"]
[Result "1-0"]
[WhiteElo "2373"]
[BlackElo "2295"]
[PlyCount "85"]
[EventDate "2017.01.28"]
[EventType "swiss"]
[EventRounds "9"]
[EventCountry "RUS"]
[SourceTitle "EXT 2018"]
[Source "ChessBase"]
[SourceDate "2017.10.13"]
[SourceVersion "1"]
[SourceVersionDate "2017.10.13"]
[SourceQuality "1"]

1. Nf3 c5 2. g3 g6 3. Bg2 Bg7 4. 0-0 Nc6 5. c3 Nf6 6. d4 cxd4 7. cxd4 d6 8. Nc3 0-0 9. d5 Ne5 10. Nxe5 dxe5 11. Qb3 Ne8 12. Be3 Nd6 13. Rac1 b5 14. Bc5 a6 15. a4 bxa4 16. Qxa4 Bd7 17. Qa3 Bb5 18. b3 Qd7 19. Rc2 f5 20. Na4 Bxa4 21. bxa4 Rac8 22. Rfc1 e4 23. e3 Rxc5 24. Rxc5 g5 25. Rc7 Qe8 26. R1c6 f4 27. Rxe7 Qxe7 28. Qxd6 Qxd6 29. Rxd6 f3 30. Bf1 Rb8 31. Rxa6 Rb1 32. Rc6 Ra1 33. Rc4 Rd1 34. Rxe4 Kf8 35. a5 Rxd5 36. Ra4 Rd7 37. a6 Ra7 38. h4 h6 39. hxg5 hxg5 40. Ra5 Bf6 41. Rf5 Ke7 42. Rxf3 Ke6 43. Bc4+ 1-0

[Event "Moscow op-A 13th"]
[Site "Moscow"]
[Date "2017.01.28"]
[Round "1"]
[White "Paravyan, David"]
[Black "Vinogradov, Vladimir"]
[Result "1-0"]
[WhiteElo "2540"]
[BlackElo "2295"]
[PlyCount "101"]
[EventDate "2017.01.28"]
[EventType "swiss"]
[EventRounds "9"]
[EventCountry "RUS"]
[SourceTitle "EXT 2018"]
[Source "ChessBase"]
[SourceDate "2017.10.13"]
[SourceVersion "1"]
[SourceVersionDate "2017.10.13"]
[SourceQuality "1"]

1. e4 c5 2. Nf3 Nc6 3. d4 cxd4 4. Nxd4 e5 5. Nb5 d6 6. c4 Be6 7. N1c3 a6 8. Na3 Nf6 9. Nc2 Be7 10. Be2 0-0 11. 0-0 Rc8 12. Qd2 h6 13. b3 b5 14. cxb5 axb5 15. Bxb5 Qb6 16. Bd3 Nd4 17. Nxd4 Qxd4 18. Bb2 Qb4 19. Rfd1 Qb6 20. h3 Nh5 21. Nd5 Bxd5 22. exd5 f5 23. Bc4 Bg5 24. Qc2 Ng3 25. a4 Ne4 26. a5 Qa7 27. Bc1 Rf6 28. Bxg5 hxg5 29. Re1 g4 30. hxg4 Ng3 31. g5 Rg6 32. Qd3 Rxg5 33. Qe3 Qxe3 34. Rxe3 f4 35. Rd3 Ne2+ 36. Kf1 e4 37. Rd2 Rxc4 38. bxc4 f3 39. Rxe2 Rh5 40. Kg1 fxe2 41. Re1 e3 42. fxe3 Rh4 43. Rxe2 Rxc4 44. Ra2 Rc7 45. a6 Ra7 46. Kf2 Kf7 47. e4 Kf6 48. Ke3 Ke5 49. Ra1 Kf6 50. Kd4 Ke7 51. Kc4 1-0

[Event "Joensuu We JoeSK"]
[Site "Joensuu"]
[Date "2010.??.??"]
[Round "5"]
[White "Dokutchaev, Aleksander"]
[Black "Vinogradov, Vladimir"]
[Result "1-0"]
[WhiteElo "2413"]
[BlackElo "2295"]
[PlyCount "125"]
[EventDate "2010.??.??"]
[EventType "swiss"]
[EventRounds "5"]
[EventCountry "FIN"]
[SourceTitle "EXT 2022"]
[Source "ChessBase"]
[SourceDate "2021.10.06"]
[SourceVersion "1"]
[SourceVersionDate "2021.10.06"]
[SourceQuality "1"]

1. d4 Nf6 2. Nf3 d5 3. c4 e6 4. Nc3 Be7 5. Bg5 Nbd7 6. e3 0-0 7. Rc1 c6 8. Bd3 dxc4 9. Bxc4 Nd5 10. Bxe7 Qxe7 11. 0-0 Nxc3 12. Rxc3 e5 13. Bb3 e4 14. Nd2 Nf6 15. Qc2 Re8 16. Rc5 Qd6 17. Re5 Rxe5 18. Nc4 Qe7 19. dxe5 Ng4 20. Qxe4 Be6 21. h3 Bxc4 22. Bxc4 Nxe5 23. Rd1 Re8 24. Bb3 Nd7 25. Qd4 Nc5 26. Bc2 g6 27. a3 a6 28. b4 Ne6 29. Qb6 Rd8 30. Rxd8+ Nxd8 31. Bb3 Qd6 32. Bc4 Kf8 33. f4 Ke7 34. Kf2 Qd2+ 35. Be2 Qd6 36. Bg4 f5 37. Be2 Kd7 38. g4 Kc8 39. gxf5 gxf5 40. Qc5 Qxc5 41. bxc5 Ne6 42. Bd3 Ng7 43. Ke2 Kd7 44. Kd2 Ke6 45. Bc4+ Kf6 46. Kc3 Ne8 47. Kb4 Nc7 48. Ka5 Na8 49. a4 Ke7 50. Bd3 Ke6 51. Bc4+ Kd7 52. h4 h6 53. Bf1 Ke6 54. Bg2 Ke7 55. Bh3 Kf6 56. h5 Nc7 57. Kb6 Ne6 58. Bf1 Ke7 59. Bc4 Nd8 60. a5 Ke8 61. Kc7 Ke7 62. Bb3 Ke8 63. Kd6 1-0

[Event "Karelia-ch"]
[Site "Petrozavodsk"]
[Date "2008.03.08"]
[Round "6"]
[White "Vinogradov, Vladimir"]
[Black "Vjushin, Dmitry"]
[Result "1/2-1/2"]
[WhiteElo "2295"]
[BlackElo "2114"]
[PlyCount "81"]
[EventDate "2008.03.05"]
[EventType "swiss"]
[EventRounds "9"]
[EventCountry "RUS"]
[SourceTitle "CBM 123 Extra"]
[Source "ChessBase"]
[SourceDate "2008.05.06"]
[SourceVersion "1"]
[SourceVersionDate "2008.05.06"]
[SourceQuality "1"]

1. e4 c5 2. Nf3 Nc6 3. d4 cxd4 4. Nxd4 e5 5. Nb5 a6 6. Nd6+ Bxd6 7. Qxd6 Qf6 8. Qd1 Qg6 9. Nc3 Nge7 10. h4 h5 11. Be3 0-0 12. Be2 d5 13. Bxh5 Qh7 14. exd5 Nb4 15. Rc1 Bf5 16. Bc5 Bxc2 17. Rxc2 Nd3+ 18. Kf1 Nxc5 19. Rd2 Rad8 20. Be2 e4 21. b4 e3 22. Rd4 Nd7 23. Bd3 Qh6 24. fxe3 Ne5 25. Rh3 Rfe8 26. Bc2 Nc8 27. Ne4 Nd6 28. Ng5 Rc8 29. Kg1 Rc3 30. Ne4 Nxe4 31. Rxe4 Rec8 32. Rxe5 Rxc2 33. Re8+ Rxe8 34. Qxc2 Rxe3 35. Rxe3 Qxe3+ 36. Qf2 Qe5 37. Qd2 Kf8 38. b5 axb5 39. Qb4+ Ke8 40. Qxb5+ Kd8 41. Qxb7 1/2-1/2